Central Library OPAC University of Rajshahi

The Elezabethan World Picture / (Record no. 70889)

MARC details
000 -LEADER
fixed length control field 00611nam a2200217 a 4500
001 - CONTROL NUMBER
control field 70889
003 - CONTROL NUMBER IDENTIFIER
rucl marc code BD-RjUL
005 - DATE AND TIME OF LATEST TRANSACTION
control field 20211209082042.0
008 - FIXED-LENGTH DATA ELEMENTS--GENERAL INFORMATION
fixed length control field 170422s1952 |||| |||| 001 0 eng d
035 ## - SYSTEM CONTROL NUMBER
System control number (BD-RjUL)71103
040 ## - CATALOGING SOURCE
Original cataloging agency BD-RjUL
Language of cataloging eng
Transcribing agency BD-RjUL
Modifying agency BD-RjUL
041 ## - LANGUAGE CODE
Language code of text/sound track or separate title eng
082 ## - DEWEY DECIMAL CLASSIFICATION NUMBER
Edition number 23
Classification number 821.3
Author mark and year TIE 1952
100 ## - MAIN ENTRY--PERSONAL NAME
Personal name Tillyard, E.M.W.
9 (RLIN) 209797
245 ## - TITLE STATEMENT
Title The Elezabethan World Picture /
Statement of responsibility, etc. E.M.W.Tillyard
260 ## - PUBLICATION, DISTRIBUTION, ETC. (IMPRINT)
Place of publication, distribution, etc. London :
Name of publisher, distributor, etc. Chatto & Windus,
Date of publication, distribution, etc. 1952.
300 ## - PHYSICAL DESCRIPTION
Pagination vii,108 p. ;
Illustrations 22 cm.
500 ## - GENERAL NOTE
General note Includes Index.
600 ## - SUBJECT ADDED ENTRY--PERSONAL NAME
Personal name Elizabethan Period
Titles and other words associated with a name 1558-1625
942 ## - ADDED ENTRY ELEMENTS (KOHA)
Source of classification or shelving scheme Dewey Decimal Classification
Koha item type Books
Holdings
Lost status Source of classification or shelving scheme Damaged status Not for loan Collection code Permanent Location Current Location Shelving location Date acquired Source of acquisition Cost, normal purchase price Total Checkouts Full call number Date last seen Copy number Koha item type
  Dewey Decimal Classification   Not For Loan Fiction Central Library, University of Rajshahi Central Library, University of Rajshahi Reading Room 05/07/1955 Cassell &Co Ltd. 4.04   821.3 TIE 1952 22/04/2017 C-1 Books